000
00175 a2200097 4500
020
_a
9780425189245
041
_a
eng
100
_a
Box, C.J.
245
_a
Savage Run
942
_c
BK
999
_c
7665
_d
7665